00859nam a2200241 a 450000100060000000300090000600500170001500800410003202000180007304000280009104100130011908200160013210000210014824501740016925000340034326000580037730000440043550400490047965000310052865000280055970000170058785200130060424721CO-ViMGA20230915232014.0141112s2004 ck r 000 u spa d a9788498352177 aCO-ViMGAbspacCO-ViMGA aspa ger04a615.1 L85f1 aLullmann, Heinz.10aFarmacología : btexto y atlas / cHeinz Lèullmann, Klaus Mohr, Lutz Hein ; ilustraciones en color de Jèurgen Wirth ; traducción de Lorenzo Facorro ... [et al.]. a6a. ed. mejorada y ampliada. aMadrid : bEditorial Médica PanAméricana, c2010. aix, 394 p. : 170 il. en color ; 19 cm. aIncluye bibliografía, índice y glosario.14aEnfermedades - tratamiento14aFarmacología - Atlas 1 aMohr, Klaus. 17648, 30